000 00516nam a2200169 4500
008 180125b xxu||||| |||| 00| 0 eng d
020 _a971-668-026-0
082 _21996
_aDFil 920
_bV54p
100 _925808
_aVelasco, Rheno A.
245 _aThe presidents republic of the Philippines /
_cRheno A. Velasco.
250 _aSIMPLIFIED EDITION
260 _aPhilippines:
_bLoacan Publishing House,
_c©1996.
300 _a73 pages ;
_c20 cm.
650 0 _925809
_aPresidents
365 _b65.00
_cPhp
942 _2ddc
_cDFIL
999 _c8346
_d8346